00281nam a2200121Ia 4500008004100000100002300041245002400064260002700088300000900115650001300124942000700137999001500144190216s9999||||xx |||||||||||||| ||und|| aChristian Crumlish 0aInternet Dictionary bBpb Publicationsc1995 a226p aComputer cBK c8537d8537